Interculturalidad, proteccin̤ de la naturaleza y construccin̤ de paz

Detalles Bibliográficos
Autor principal: Restrepo Medina, Manuel Alberto
Formato: eBook
Lenguaje:español
Publicado: Bogot:̀ Editorial Universidad de Rosario (Colombia), 2020
Materias:
Acceso en línea:Acceso restringido

MARC

LEADER 00000nam a22000007a 4500
005 20200922005241.0
007 cr|||| ||||
008 200922s2020 co |||||s|||| 00||0 spa d
020 |a 978-958-784-454-2 
035 |a 32083 
040 |a vLex 
090 |c 10755  |d 10755 
100 1 |a Restrepo Medina, Manuel Alberto 
245 1 0 |a Interculturalidad, proteccin̤ de la naturaleza y construccin̤ de paz  |h [Recurso electrn̤ico] /  |c Manuel Alberto Restrepo Medina 
256 |a Servicio en ln̕ea 
260 |a Bogot:̀  |b Editorial Universidad de Rosario (Colombia),  |c 2020 
300 |a 1 recurso electrn̤ico 
500 |a Este libro es producto de un proyecto Erasmus+ Capacity Building financiado por la Unin̤ Europea y ejecutado por investigadores vinculados a ocho universidades de Italia, Francia, Espaą, Colombia y Ecuador. El props̤ito de este libro es plantear la correlacin̤ existente entre la necesidad de la proteccin̤ de la naturaleza como solucin̤ de fondo a los conflictos ambientales y las situaciones de superacin̤ de la violacin̤ sistemt̀ica de los derechos humanos que se presentan, precisamente, en los pas̕es de mayor riqueza natural, cuya conexin̤ en procura de una respuesta se da desde la interculturalidad, que permite entender los dos fenm̤enos analizados desde perspectivas distintas a la construccin̤ occidental de la ciencia y el derecho, que sirve para ampliar los referentes acadm̌icos ms̀ habituales y, por lo tanto, contribuye al fortalecimiento de los valores propios de la democracia contemporǹea, en la medida en que este enfoque invita a valorar igualitariamente todos los modos de elaboracin̤ y apropiacin̤ del conocimiento. 
506 1 |a Disponible solo en los productos indicados  |d vLex Global  |d vLex Global (Academic Edition, excluding Law Schools)  |d vLex Global (U.S. Academic Edition, Law Schools)  |d vLex Global (U.S. Academic Edition, excluding Law Schools)  |d vLex Global (Academic Edition, Law Schools) 
650 0 4 |a Derecho Pb︢lico y Administrativo  |z Colombia 
740 0 |a vLex Libros (Servicio en ln̕ea) 
856 4 0 |u http://vlex.com/source/interculturalidad-proteccion-de-la-naturaleza-y-construccion-de-paz-32083  |z Acceso restringido 
942 |c BOOK 
999 0 |a Public and Administrative Law